Hoy Aquí - Rauw Alejandro - Estadísticas

Estadísticas generales
  • Esta prueba ha sido intentada 30 veces
  • La puntuación promedio es 287 de 418
Estadísticas de respuestas
Letra % Correcto
a
100%
100%
tu
100%
100%
aquí
93%
De
93%
de
93%
es
93%
hoy
93%
La
93%
la
93%
me
93%
no
93%
No
93%
que
93%
Que
93%
to
93%
y
93%
Y
93%
yo
93%
Yo
93%
Baby
87%
lo
87%
nos
87%
o
87%
te
87%
Te
87%
ti
87%
última
87%
vez
87%
despedí
80%
en
80%
En
80%
las
80%
los
80%
mi
80%
80%
vimo
80%
vimos
80%
al
73%
el
73%
están
73%
estoy
73%
estuvieras
73%
mal
73%
Mami
73%
mami
73%
más
73%
Ojalá
73%
Para
73%
por
73%
son
73%
ya
73%
Ya
73%
acuerdo
67%
Aunque
67%
cara
67%
conciertos
67%
Cuando
67%
disco
67%
doce
67%
estás
67%
miro
67%
muñeca
67%
quiero
67%
Ra
67%
reloj
67%
67%
si
67%
solo
67%
tetas
67%
Todas
67%
voy
67%
alcohol
60%
bailar
60%
be-
60%
buscar
60%
Cada
60%
dentro
60%
Eres
60%
flasheando
60%
mente
60%
muriendo
60%
nombre
60%
partir
60%
quiere
60%
quieres
60%
Rauw
60%
toca
60%
ella
53%
funciona
53%
otro
53%
Pero
53%
planeta
53%
pudimos
53%
sigue
53%
también
53%
yeah
53%
Yeah
53%
Alejandro
47%
babies
47%
boquita
47%
continuar
47%
encanta
47%
labios
47%
le
47%
oh
47%
pone
47%
sentir
47%
soy
47%
única
47%
vuelve
47%
Bebé
40%
cuarto
40%
eh
40%
Ey
40%
ey
40%
mis
40%
musa
40%
necesitas
40%
necesito
40%
oído
40%
sabes
40%
seguro
40%
aquel
33%
bellaco
33%
canto
33%
completa
33%
Da
33%
da
33%
día
33%
era
33%
hicimo
33%
igual
33%
olvido
33%
ponien-
33%
poniendo
33%
tira
33%
tiro
33%
Tuyos
33%
canta
27%
promesa
27%
ah
20%
aparte
20%
dice
20%
Mía
20%
dejemos
13%
ego
13%
Mr
13%
Uoh
13%
dale
7%
Jorgie
7%
Kenobi
7%
llama
7%
Milliano
7%
NaisGai
7%
wuh
7%
No se encontraron pruebas coincidentes
Distribución de puntuación
Porcentaje de gente con cada puntuación
Porcentaje por número respondido
Historial de tus puntuaciones
No has intentado esta prueba.